LEADER 01917nam0 22003731i 450 001 UON00527483 005 20250115015839.436 010 $a978-37-86127-68-0 100 $a20250115d2015 |0itac50 ba 101 $ager$aHIT$aXHU 102 $aDE 105 $a|||| ||||| 200 1 $aKeilschrifttexte aus Boghazköi. [68] Achtundsechzigstes Heft$eTexte aus dem Bezirk des Grossen Tempels XX$fvon Theo van den Hout 210 $aBerlin$cGebr. Mann$d2015 215 $axvii, 30 c. di tav.$d35 cm 606 $aAnatolia$xSiti$xBoghazköi$3UONC029443$2FI 606 $aArcheologia$xAnatolia (Turchia)$xSiti$xBo?azköy/Hattu?a$3UONC102701$2FI 606 $aHattu?a (Città estinte)$xTurchia$xAntichità$3UONC102702$2FI 606 $aIscrizioni cuneiformi$3UONC077703$2FI 606 $aLingua hurrita$xTesti$3UONC026061$2FI 606 $aLingua ittita$xTesti$3UONC026062$2FI 620 $aDE$dBerlin$3UONL003157 676 $a491.998$cLingua ittita, hurrita, sumera, luvica, etc.$v21 686 $aAN III IT$cANATOLIA - FILOLOGIA - ITTITA$2A 700 1$aHout$bTheo P. J. : van den$3UONV294206$0390033 712 02$aAkademie der Wissenschaften und der Literatur . Kommission für den Alten Orient$3UONV056016 712 $aMann verlag$3UONV246517$4650 791 02$aKommission für den Alten Orient der Akademie der Wissenschaften und der Li teratur $zAkademie der Wissenschaften und der Literatur . Kommission für den Alten Orient$3UONV056017 801 $aIT$bSOL$c20251212$gRICA 899 $aSIBA - SISTEMA BIBLIOTECARIO DI ATENEO E ARCHIVIO STORICO$2UONSI 912 $aUON00527483 950 $aSIBA - SISTEMA BIBLIOTECARIO DI ATENEO E ARCHIVIO STORICO$dSI AN III IT 024 (68) N $eSI 52239 7 024 (68) N 996 $aKeilschrifttexte aus Boghazköi. Achtundsechzigstes Heft$94308921 997 $aUNIOR